Sporcle's Easiest Just For Fun Quiz Stats

 Plays Quiz Updated Sep 21, 2015

Challenge
Share
Tweet
Embed
Score 0/30 Timer 05:00
0 Plays Today
Hint Answer % Correct
Colors of the RainbowRed
98.2%
Colors of the RainbowBlue
97.8%
Colors of the RainbowYellow
97.5%
Colors of the RainbowGreen
97.2%
Colors of the RainbowOrange
93.9%
Countries: 60 Seconds BlitzUnited States
93.3%
US Presidents: 60 Second BlitzWashington
91.9%
States: 60 Seconds BlitzCalifornia
91%
States: 60 Seconds BlitzNew York
90%
US Presidents: 60 Second BlitzObama
88.8%
US Presidents: 60 Second BlitzBush
85%
Countries: 60 Seconds BlitzCanada
83.5%
States: 60 Seconds BlitzFlorida
83.4%
Big Mac IngredientsLettuce
83.3%
Countries: 60 Seconds BlitzFrance
76.4%
Hint Answer % Correct
Countries: 60 Seconds BlitzChina
76.2%
Countries: 60 Seconds BlitzUnited Kingdom
73.5%
Big Mac IngredientsCheese
71.2%
NFL Teams 60 Second BlitzNew England Patriots
70.5%
NFL Teams 60 Second BlitzDallas Cowboys
63.4%
Big Mac IngredientsPickles
63.4%
Big Mac IngredientsOnions
63.3%
NFL Teams 60 Second BlitzNew York Giants
62%
NFL Teams 60 Second BlitzNew York Jets
57.1%
US Presidents: 60 Second BlitzRoosevelt
55.9%
US Presidents: 60 Second BlitzAdams
52.1%
Big Mac IngredientsSpecial Sauce
48.3%
NFL Teams 60 Second BlitzMiami Dolphins
43.2%
States: 60 Seconds BlitzMaine
41.9%
States: 60 Seconds BlitzAlabama
29.8%

You're not logged in!

Compare scores with friends on all Sporcle quizzes.
Join for Free
OR
Log In

You Might Also Like...

Show Comments

Extras

Top Quizzes Today


Score Distribution

Your Account Isn't Verified!

In order to create a playlist on Sporcle, you need to verify the email address you used during registration. Go to your Sporcle Settings to finish the process.

Report this User

Report this user for behavior that violates our Community Guidelines.

Details: